00466nam a2200193Ia 4500008004000000020001800040041000800058082001600066100002200082245004400104260003700148300001100185650000900196650001200205650000900217650001500226650001200241700001900253210210b2019 xxu||||| |||| 00| 0 eng d a9789386797445 aeng a362.25 TRIR aTRIPATHI (Amrita) aReal stories of dealing with depression aLondonbSimon and Schusterc2019 aiv,252 awith astories aReal adepression adealing aANAND (Arpita)